[Event "Fischbach Landrat Cup"]
[Site "Fischbach"]
[Date "2000.03.31"]
[Round "3"]
[White "Walker, Alfred"]
[Black "Chiviksin, Valerie"]
[Result "0-1"]
[WhiteElo "1792"]
[BlackElo "1815"]
[PlyCount "68"]
[EventDate "2000.03.??"]
[EventType "swiss"]
[EventRounds "5"]
[EventCountry "GER"]
[SourceTitle "EXT 2006"]
[Source "ChessBase"]
[SourceDate "2005.11.24"]
[SourceVersion "1"]
[SourceVersionDate "2005.11.24"]
[SourceQuality "1"]

1. d3 d5 2. Nf3 c5 3. g3 Nc6 4. Bg2 Nf6 5. Bg5 e6 6. 0-0 Be7 7. c4 0-0 8. Nc3 h6 9. Bf4 Bd6 10. Bxd6 Qxd6 11. cxd5 exd5 12. Nb5 Qe7 13. Na3 Be6 14. Nc2 Rac8 15. Rc1 Rfd8 16. Qe1 c4 17. d4 Bf5 18. Kh1 Re8 19. e3 Be4 20. a3 Qc7 21. Nb4 Qb6 22. Nxc6 bxc6 23. Qc3 Rb8 24. Nd2 Bxg2+ 25. Kxg2 Qxb2 26. f3 Rb3 27. Qa5 c3 28. Kh3 Qxd2 29. Rfd1 Qxe3 30. Re1 Qxf3 31. Rxe8+ Nxe8 32. Qd8 Qf5+ 33. g4 Qf3+ 34. Kh4 g5+ 0-1